000 00530nam a22001817a 4500
005 20251126175042.0
008 251119b |||||||| |||| 00| 0 eng d
020 _a978-93-91-208-26-4
041 _aeng
082 _a543 DHI-T
100 _aDHIVAR, MRS MAUSMI HIREN
_98742
245 _aA TEXTBOOK OF PHARMACEUTICAL ANALYSIS FOR 1ST YEAR. B. PHARMA[SEM-1]
250 _a1ST ED. 2022
260 _aNEW DELHI
_bINNOVATIVE PUBLICATIONS PVT LTD
_c2023
300 _a254;P
650 _aPHARMACY
_xB. PHARMA[SEM
_98833
942 _cBK
999 _c8914
_d8912